[Event "HUN-chT U18"]
[Site "Budapest"]
[Date "2019.10.27"]
[Round "3.4"]
[White "Erseki, Aron"]
[Black "Virag, Balint"]
[Result "0-1"]
[WhiteElo "1847"]
[BlackElo "2100"]
[PlyCount "66"]
[EventDate "2019.10.26"]
[EventType "team-swiss"]
[EventRounds "7"]
[EventCountry "HUN"]
[SourceTitle "CBM 192 Extra"]
[Source "Chessbase"]
[SourceDate "2019.11.06"]
[SourceVersion "1"]
[SourceVersionDate "2019.11.06"]
[SourceQuality "1"]
[WhiteTeam "Tapolca VSE"]
[BlackTeam "Budapest MTK"]
[WhiteTeamCountry "HUN"]
[BlackTeamCountry "HUN"]

1. e4 e6 2. d4 d5 3. e5 c5 4. c3 Nc6 5. Nf3 Bd7 6. Be2 Nge7 7. 0-0 Nf5 8. Bd3 g6 9. Be3 Qb6 10. Qc2 Rc8 11. Bxf5 gxf5 12. Qd2 cxd4 13. Bxd4 Qc7 14. Qg5 h6 15. Qh4 Ne7 16. Nbd2 Rg8 17. Rac1 Rg4 18. Qh5 Ng6 19. Be3 Nxe5 20. Bxh6 Nd3 21. h3 Rg8 22. Ng5 Rg6 23. Bxf8 Kxf8 24. Rb1 Ke7 25. Ndf3 Rcg8 26. h4 Nf4 27. Qh7 R6g7 28. Qh6 Qb8 29. Rfe1 Rg6 30. Qh7 R8g7 31. Ne5 Rxh7 32. Nxg6+ fxg6 33. Nxh7 Qh8 0-1

[Event "HUN-ch U16"]
[Site "Balatonlelle"]
[Date "2019.06.27"]
[Round "8"]
[White "Pribelszky, Bence"]
[Black "Erseki, Aron"]
[Result "1-0"]
[WhiteElo "2244"]
[BlackElo "1854"]
[PlyCount "63"]
[EventDate "2019.06.21"]
[EventType "swiss"]
[EventRounds "9"]
[EventCountry "HUN"]
[SourceTitle "CBM 191 Extra"]
[Source "ChessBase"]
[SourceDate "2019.09.30"]
[SourceVersion "1"]
[SourceVersionDate "2019.09.30"]
[SourceQuality "1"]

1. Nf3 d5 2. g3 c6 3. Bg2 e6 4. 0-0 Bd6 5. d3 Nf6 6. Nbd2 0-0 7. e4 Nbd7 8. b3 e5 9. Bb2 d4 10. Nh4 Nb6 11. c4 Bg4 12. Qc2 c5 13. h3 Be6 14. Nf5 Bc7 15. Qd1 Qd7 16. Ba3 g6 17. g4 gxf5 18. exf5 Bxf5 19. gxf5 Bd6 20. Ne4 Nxe4 21. Bxe4 Kh8 22. Qf3 Rg8+ 23. Kh1 f6 24. Bxb7 Raf8 25. Be4 Rf7 26. Bc1 Bf8 27. Bd2 Rfg7 28. a4 Bd6 29. Bh6 Re7 30. a5 Nc8 31. Bd5 Rd8 32. Rg1 1-0

[Event "HUN-chT2 Szechenyi 1718"]
[Site "Hungary"]
[Date "2018.05.06"]
[Round "9"]
[White "Pechy, Zoltan Peter"]
[Black "Erseki, Aron"]
[Result "1-0"]
[WhiteElo "1369"]
[BlackElo "1737"]
[PlyCount "63"]
[EventDate "2017.10.29"]
[EventType "team-tourn"]
[EventRounds "9"]
[EventCountry "HUN"]
[SourceTitle "EXT 2021"]
[Source "ChessBase"]
[SourceDate "2020.10.23"]
[SourceVersion "1"]
[SourceVersionDate "2020.10.23"]
[SourceQuality "1"]
[WhiteTeam "Haladas Szombathely III"]
[BlackTeam "Tapolca VSE II"]
[WhiteTeamCountry "HUN"]
[BlackTeamCountry "HUN"]

1. d4 d5 2. c4 c6 3. Bf4 e6 4. e3 f5 5. cxd5 exd5 6. Bd3 Nf6 7. Qc2 Na6 8. Bxa6 Qa5+ 9. Nc3 Qxa6 10. Nge2 Be7 11. h3 Bd7 12. Be5 Rg8 13. g4 g6 14. g5 Ne4 15. h4 Qa5 16. f3 Nxc3 17. bxc3 0-0-0 18. Rb1 c5 19. Qb3 Bc6 20. dxc5 Bxc5 21. Nd4 Bb6 22. f4 Rde8 23. Kf2 Re7 24. h5 Bc7 25. Nxc6 bxc6 26. Bd4 Kd7 27. Qc2 Rge8 28. Rb7 Kc8 29. Rxa7 Qb5 30. Rb1 Qc4 31. Rb4 Bb6 32. Rxe7 1-0

[Event "HUN-chT2 Szechenyi 1718"]
[Site "Hungary"]
[Date "2018.03.25"]
[Round "8.7"]
[White "Erseki, Aron"]
[Black "Katona, Janos"]
[Result "1-0"]
[WhiteElo "1737"]
[BlackElo "1903"]
[PlyCount "49"]
[EventDate "2017.10.29"]
[EventType "team-tourn"]
[EventRounds "9"]
[EventCountry "HUN"]
[SourceTitle "EXT 2021"]
[Source "ChessBase"]
[SourceDate "2020.10.23"]
[SourceVersion "1"]
[SourceVersionDate "2020.10.23"]
[SourceQuality "1"]
[WhiteTeam "Tapolca VSE II"]
[BlackTeam "Sarvar"]
[WhiteTeamCountry "HUN"]
[BlackTeamCountry "HUN"]

1. e4 c6 2. d4 d5 3. Nd2 dxe4 4. Nxe4 Bf5 5. Ng3 Bg6 6. h4 h6 7. h5 Bh7 8. Bd3 Bxd3 9. Qxd3 Nf6 10. Nf3 Nbd7 11. Bd2 e6 12. 0-0-0 Qc7 13. Ne4 Nxe4 14. Qxe4 Nf6 15. Qe2 0-0-0 16. Kb1 Kb8 17. Ne5 Rxd4 18. Nxf7 Re4 19. Qxe4 Nxe4 20. Nxh8 Bc5 21. Ng6 e5 22. Rhe1 Nxf2 23. Rxe5 Nxd1 24. Re8+ Qc8 25. Bf4+ 1-0

[Event "HUN-chT2 Szechenyi 1617"]
[Site "Hungary"]
[Date "2016.10.30"]
[Round "3.11"]
[White "Horvath, Tibor"]
[Black "Erseki, Aron"]
[Result "1-0"]
[WhiteElo "1740"]
[BlackElo "1692"]
[PlyCount "41"]
[EventDate "2016.09.25"]
[EventType "team-tourn"]
[EventRounds "11"]
[EventCountry "HUN"]
[SourceTitle "EXT 2021"]
[Source "ChessBase"]
[SourceDate "2020.10.23"]
[SourceVersion "1"]
[SourceVersionDate "2020.10.23"]
[SourceQuality "1"]
[WhiteTeam "Lovo"]
[BlackTeam "Tapolca VSE II"]
[WhiteTeamCountry "HUN"]
[BlackTeamCountry "HUN"]

1. d4 d5 2. e4 dxe4 3. Nc3 Bf5 4. Qe2 c6 5. f3 exf3 6. Nxf3 Nf6 7. Bg5 h6 8. Bxf6 gxf6 9. 0-0-0 Bg7 10. d5 Qc7 11. d6 Qd7 12. Ne4 Bxe4 13. Qxe4 e6 14. g4 Qd8 15. Bc4 Nd7 16. Bxe6 fxe6 17. Qxe6+ Kf8 18. Rhe1 Rg8 19. h4 Nc5 20. Qc4 b6 21. Re7 1-0

[Event "HUN-chT2 Szechenyi 1516"]
[Site "Hungary"]
[Date "2016.02.28"]
[Round "8.10"]
[White "Horvath, Tibor"]
[Black "Erseki, Aron"]
[Result "1/2-1/2"]
[WhiteElo "1750"]
[BlackElo "1674"]
[PlyCount "124"]
[EventDate "2015.09.13"]
[EventType "team-tourn"]
[EventRounds "11"]
[EventCountry "HUN"]
[SourceTitle "EXT 2017"]
[Source "ChessBase"]
[SourceDate "2016.10.25"]
[SourceVersion "1"]
[SourceVersionDate "2016.10.25"]
[SourceQuality "1"]
[WhiteTeam "Lovo"]
[BlackTeam "Tapolca Kolcsey"]
[WhiteTeamCountry "HUN"]
[BlackTeamCountry "HUN"]

1. d4 d5 2. e4 dxe4 3. Nc3 Nf6 4. Bg5 Bf5 5. Bxf6 exf6 6. Qe2 Qxd4 7. Qb5+ Bd7 8. Qxb7 Bc5 9. Qxe4+ Kd8 10. Qxd4 Bxd4 11. Nge2 Re8 12. 0-0-0 Bxf2 13. Nd4 Be3+ 14. Kb1 Bxd4 15. Rxd4 Re1+ 16. Nd1 Ke7 17. Kc1 Nc6 18. Rd2 Bg4 19. h3 Bxd1 20. Rxd1 Rxd1+ 21. Kxd1 Rd8+ 22. Kc1 Nb4 23. a3 Nd5 24. Bd3 Nf4 25. Re1+ Kf8 26. Bf1 Re8 27. Rd1 Ne2+ 28. Kd2 Nf4 29. Kc3 Re3+ 30. Kb4 Re5 31. c4 Ne6 32. Rd5 Re1 33. Rf5 Rb1 34. Rf2 a6 35. c5 Rc1 36. Bc4 Ke7 37. Rd2 a5+ 38. Kb5 c6+ 39. Kxc6 Rxc4 40. b4 axb4 41. Rd7+ Ke8 42. axb4 Rxb4 43. Ra7 Rc4 44. Ra8+ Nd8+ 45. Kb5 Rc2 46. Kb6 f5 47. Rc8 Rb2+ 48. Kc7 Rb7+ 49. Kd6 Rd7+ 50. Ke5 Ke7 51. c6 f6+ 52. Kxf5 Rd5+ 53. Ke4 Rd6 54. c7 Ne6 55. Re8+ Kxe8 56. c8Q+ Ke7 57. Qb7+ Rd7 58. Qb4+ Kf7 59. Qb3 Rd4+ 60. Ke3 Ke7 61. Qa3+ Kf7 62. g3 Rd7 1/2-1/2

[Event "HUN-chT2 Szechenyi 1516"]
[Site "Hungary"]
[Date "2015.10.18"]
[Round "3.11"]
[White "Erseki, Aron"]
[Black "Mesits, Maxim"]
[Result "1-0"]
[WhiteElo "1674"]
[BlackElo "1381"]
[PlyCount "109"]
[EventDate "2015.09.13"]
[EventType "team-tourn"]
[EventRounds "11"]
[EventCountry "HUN"]
[SourceTitle "CBM 170 Extra"]
[Source "ChessBase"]
[SourceDate "2016.02.25"]
[SourceVersion "1"]
[SourceVersionDate "2016.02.25"]
[SourceQuality "1"]
[WhiteTeam "Tapolca Kolcsey"]
[BlackTeam "Arboretum"]
[WhiteTeamCountry "HUN"]
[BlackTeamCountry "HUN"]

1. e4 e5 2. Nf3 Nc6 3. Bc4 Bc5 4. c3 Nf6 5. d4 exd4 6. cxd4 Bb4+ 7. Bd2 d5 8. Bxb4 Nxb4 9. Qa4+ Nc6 10. exd5 Nxd5 11. Ne5 Qd6 12. Qb5 Qb4+ 13. Qxb4 Ncxb4 14. Kd2 Be6 15. a3 Nc6 16. Bb5 Nde7 17. Nc3 0-0-0 18. Bxc6 Nxc6 19. Nxc6 bxc6 20. Ne2 Bc4 21. Rad1 Rhe8 22. Rhe1 Bxe2 23. Rxe2 Rxd4+ 24. Ke1 Rxe2+ 25. Kxe2 Rxd1 26. Kxd1 Kd7 27. Kc2 Kd6 28. Kd2 Kd5 29. Kd3 c5 30. b3 a5 31. Kc3 f5 32. f4 h6 33. g3 g5 34. Kd3 gxf4 35. gxf4 c6 36. h3 h5 37. h4 Ke6 38. Kc4 Kd6 39. a4 Kd7 40. Kxc5 Kc7 41. b4 axb4 42. Kxb4 Kd6 43. Kc4 c5 44. a5 Kc6 45. a6 Kb6 46. a7 Kxa7 47. Kxc5 Kb7 48. Kd5 Kc7 49. Ke5 Kd7 50. Kxf5 Ke7 51. Kg6 Ke6 52. f5+ Ke7 53. Kg7 Ke8 54. f6 Kd7 55. f7 1-0

[Event "HUN-ch U12"]
[Site "Balatonlelle"]
[Date "2015.06.21"]
[Round "4"]
[White "Ronai, Akos Balazs"]
[Black "Erseki, Aron"]
[Result "0-1"]
[WhiteElo "1607"]
[BlackElo "1686"]
[PlyCount "112"]
[EventDate "2015.06.18"]
[EventType "swiss"]
[EventRounds "9"]
[EventCountry "HUN"]
[SourceTitle "CBM 167 Extra"]
[Source "ChessBase"]
[SourceDate "2015.09.14"]
[SourceVersion "1"]
[SourceVersionDate "2015.09.14"]
[SourceQuality "1"]

1. e4 c5 2. Nf3 d6 3. c4 Nf6 4. Nc3 Nc6 5. d4 cxd4 6. Nxd4 g6 7. Be2 Bg7 8. Be3 0-0 9. 0-0 Bd7 10. f4 Qa5 11. a3 Qc7 12. Rc1 Qb6 13. Nc2 Qd8 14. Qd2 Ng4 15. Bxg4 Bxg4 16. f5 gxf5 17. exf5 Qd7 18. f6 Bxf6 19. Nd5 Bg7 20. Bh6 f6 21. Bxg7 Kxg7 22. Qf4 Bh5 23. Nce3 Bg6 24. h4 h5 25. Rf3 e5 26. Qg3 Nd4 27. Rf2 f5 28. Qg5 Rae8 29. Nc2 Nxc2 30. Rcxc2 f4 31. g4 Qxg4+ 32. Rg2 Qxg5 33. Rxg5 f3 34. Kf2 Kh6 35. Rc1 e4 36. Rcg1 Bh7 37. Ne3 Rf4 38. Rd5 Re6 39. Rh1 Rff6 40. Rhd1 Bg6 41. b4 b6 42. a4 Be8 43. Rxd6 Bxa4 44. Rxe6 Rxe6 45. Rd6 Rxd6 46. Nf5+ Kg6 47. Nxd6 Bc6 48. b5 Ba8 49. Ke3 Kf6 50. Ne8+ Kf5 51. Nd6+ Kg4 52. Kf2 Kxh4 53. Nc8 e3+ 54. Kxe3 Kg3 55. Nd6 f2 56. Nf5+ Kg2 0-1

[Event "Budapest Art Pub Cup 6th"]
[Site "Budapest"]
[Date "2015.01.02"]
[Round "1"]
[White "Kokeny, Norbert Adrian"]
[Black "Erseki, Aron"]
[Result "0-1"]
[WhiteElo "2086"]
[BlackElo "1612"]
[PlyCount "70"]
[EventDate "2015.01.02"]
[EventType "swiss"]
[EventRounds "6"]
[EventCountry "HUN"]
[SourceTitle "CBM 164 Extra"]
[Source "ChessBase"]
[SourceDate "2015.03.02"]
[SourceVersion "1"]
[SourceVersionDate "2015.03.02"]
[SourceQuality "1"]

1. d4 Nf6 2. Nf3 d5 3. e3 e6 4. Bd3 c5 5. Nbd2 Nc6 6. c3 Bd7 7. 0-0 b6 8. Ne5 Bd6 9. f4 0-0 10. g4 g6 11. Qf3 Rc8 12. Rf2 Kg7 13. Nf1 cxd4 14. exd4 Rh8 15. Bd2 Be8 16. Re1 h5 17. h3 Be7 18. f5 exf5 19. gxf5 Rf8 20. Qg2 Ne4 21. Bxe4 dxe4 22. fxg6 fxg6 23. Rxf8 Bxf8 24. Qxe4 Qf6 25. Bf4 Bd6 26. Ne3 Qe7 27. Nd5 Qe6 28. Bh6+ Kh7 29. Bg5 Bxe5 30. dxe5 Qxh3 31. Nf6+ Kh8 32. Re3 Qe6 33. Nxe8 Rxe8 34. Bf6+ Kh7 35. Rg3 Qxf6 0-1

[Event "HUN-chT2 Szechenyi 1415"]
[Site "Hungary"]
[Date "2014.09.07"]
[Round "1.12"]
[White "Erseki, Aron"]
[Black "Sagi, Kornel"]
[Result "1/2-1/2"]
[WhiteElo "1584"]
[BlackElo "1523"]
[PlyCount "56"]
[EventDate "2014.09.07"]
[EventType "team-tourn"]
[EventRounds "11"]
[EventCountry "HUN"]
[SourceTitle "EXT 2016"]
[Source "ChessBase"]
[SourceDate "2015.10.08"]
[SourceVersion "1"]
[SourceVersionDate "2015.10.08"]
[SourceQuality "1"]
[WhiteTeam "Tapolca"]
[BlackTeam "Csuti"]
[WhiteTeamCountry "HUN"]
[BlackTeamCountry "HUN"]

1. e4 e5 2. Nf3 Nc6 3. d4 exd4 4. Nxd4 Nf6 5. Nxc6 bxc6 6. Nc3 Bb4 7. Bg5 h6 8. Bxf6 Qxf6 9. Qd2 0-0 10. f3 Bxc3 11. Qxc3 Qxc3+ 12. bxc3 d5 13. Bd3 Be6 14. Kf2 Rab8 15. Rab1 Rb6 16. Rb4 Rfb8 17. Rhb1 c5 18. R4b3 c4 19. Rxb6 axb6 20. Be2 Ra8 21. exd5 Bxd5 22. Rb2 Ra3 23. Ke3 Be6 24. Kd2 Ra5 25. h4 Rh5 26. g3 Rd5+ 27. Ke3 Re5+ 28. Kf2 Ra5 1/2-1/2

[Event "HUN-chT2 Szechenyi 1314"]
[Site "Hungary"]
[Date "2013.11.17"]
[Round "5"]
[White "Erseki, Aron"]
[Black "Mesits, Maxim"]
[Result "1-0"]
[WhiteElo "1473"]
[BlackElo "1270"]
[PlyCount "89"]
[EventDate "2013.09.08"]
[EventType "team-tourn"]
[EventRounds "11"]
[EventCountry "HUN"]
[SourceTitle "EXT 2016"]
[Source "ChessBase"]
[SourceDate "2015.10.08"]
[SourceVersion "1"]
[SourceVersionDate "2015.10.08"]
[SourceQuality "1"]
[WhiteTeam "Tapolca II"]
[BlackTeam "Szombathely Haladas III"]
[WhiteTeamCountry "HUN"]
[BlackTeamCountry "HUN"]

1. e4 e5 2. Nf3 Nc6 3. d4 exd4 4. Nxd4 Bc5 5. Be3 Qf6 6. c3 Nge7 7. Bc4 Qg6 8. 0-0 b6 9. Nb5 0-0 10. Bxc5 bxc5 11. Nxc7 Rb8 12. Qe2 d6 13. Nd5 Bh3 14. Nf4 Bg4 15. f3 Bxf3 16. Rxf3 Qg4 17. Ne6 Rfc8 18. Rxf7 Qxe2 19. Rxg7+ Kh8 20. Bxe2 Rxb2 21. Bd3 Ng6 22. Rc7 Re8 23. Ng7 Rg8 24. Rxc6 Rxg7 25. Rxd6 Ne5 26. Rd8+ Rg8 27. Rxg8+ Kxg8 28. Bf1 Ng4 29. Na3 Ne3 30. Nc4 Nxc4 31. Bxc4+ Kf8 32. Bb3 Re2 33. Rf1+ Ke7 34. Rf7+ Kd6 35. Rxh7 Rxe4 36. Rxa7 Re2 37. Ra6+ Kc7 38. Re6 Rd2 39. h4 Rd3 40. c4 Rd4 41. h5 Rh4 42. h6 Kd7 43. Rg6 Ke7 44. g4 Kf7 45. Bc2 1-0

[Event "HUN-ch U10"]
[Site "Celldoemoelk"]
[Date "2011.07.02"]
[Round "8"]
[White "Erseki, Aron"]
[Black "Bohus, Adam"]
[Result "0-1"]
[WhiteElo "1362"]
[BlackElo "1588"]
[PlyCount "124"]
[EventDate "2011.06.27"]
[EventType "swiss"]
[EventRounds "9"]
[EventCountry "HUN"]
[SourceTitle "EXT 2012"]
[Source "ChessBase"]
[SourceDate "2011.11.24"]
[SourceVersion "1"]
[SourceVersionDate "2011.11.24"]
[SourceQuality "1"]

1. e4 e5 2. Nf3 Nc6 3. Bc4 Bc5 4. c3 Nf6 5. d4 exd4 6. cxd4 Bb4+ 7. Bd2 Bxd2+ 8. Nbxd2 d5 9. exd5 Nxd5 10. Qb3 Nce7 11. 0-0 0-0 12. Rac1 c6 13. Bxd5 Nxd5 14. Rfe1 Qb6 15. Qxb6 axb6 16. a3 Be6 17. Ng5 Bf5 18. Re5 Bg6 19. Ngf3 Nf4 20. Re3 Nd3 21. Rb1 Rad8 22. b4 Nf4 23. Rc1 Ne6 24. Nb3 Rd5 25. Re5 Rfd8 26. Rxd5 Rxd5 27. h3 Be4 28. Nfd2 Nxd4 29. Nxd4 Rxd4 30. Re1 Rxd2 31. Rxe4 Kf8 32. Re3 c5 33. bxc5 bxc5 34. Rb3 Rd7 35. Rb5 Rc7 36. Kf1 Ke7 37. Ke2 Kd6 38. Kd3 Kc6 39. Kc4 b6 40. a4 Ra7 41. Kb3 Ra5 42. Rxa5 bxa5 43. Kc4 h6 44. g4 g5 45. f3 f6 46. Kc3 Kd5 47. Kd3 c4+ 48. Kc3 Kc5 49. Kc2 Kb4 50. Kb2 Kxa4 51. Ka2 c3 52. Kb1 Kb3 53. Kc1 c2 54. Kd2 Kb2 55. Kd3 c1Q 56. Kd4 Qf4+ 57. Kd3 Qxf3+ 58. Kd2 a4 59. Ke1 a3 60. Kd2 a2 61. h4 a1R 62. h5 Rd1# 0-1

[Event "HUN-ch U10"]
[Site "Celldoemoelk"]
[Date "2011.06.30"]
[Round "5"]
[White "Erseki, Aron"]
[Black "Telek, Zsigmond"]
[Result "0-1"]
[WhiteElo "1362"]
[BlackElo "1553"]
[PlyCount "72"]
[EventDate "2011.06.27"]
[EventType "swiss"]
[EventRounds "9"]
[EventCountry "HUN"]
[SourceTitle "EXT 2012"]
[Source "ChessBase"]
[SourceDate "2011.11.24"]
[SourceVersion "1"]
[SourceVersionDate "2011.11.24"]
[SourceQuality "1"]

1. e4 c5 2. Nf3 g6 3. d4 cxd4 4. Nxd4 Nc6 5. Be3 Bg7 6. Nc3 Nf6 7. Bc4 d6 8. Qd2 Ng4 9. Nxc6 bxc6 10. Bg5 Qb6 11. 0-0-0 Qxf2 12. Rhf1 Qxd2+ 13. Rxd2 f6 14. Bf4 g5 15. Bg3 Ne3 16. Bd3 Nxf1 17. Bxf1 Bh6 18. Kb1 g4 19. Rf2 Be3 20. Re2 Bd4 21. Nd1 h5 22. c3 Bc5 23. Ne3 Ba6 24. c4 Kd7 25. b3 Bd4 26. Nf5 Be5 27. Be1 e6 28. Ne3 c5 29. Nc2 Bb7 30. g3 Raf8 31. Rf2 Bxe4 32. Kc1 f5 33. Bd2 Bf3 34. Bd3 h4 35. Bf4 hxg3 36. Bxg3 f4 0-1

[Event "HUN-ch U10"]
[Site "Celldoemoelk"]
[Date "2011.06.29"]
[Round "4"]
[White "Krstulovic, Alex"]
[Black "Erseki, Aron"]
[Result "1-0"]
[WhiteElo "1595"]
[BlackElo "1362"]
[PlyCount "115"]
[EventDate "2011.06.27"]
[EventType "swiss"]
[EventRounds "9"]
[EventCountry "HUN"]
[SourceTitle "EXT 2012"]
[Source "ChessBase"]
[SourceDate "2011.11.24"]
[SourceVersion "1"]
[SourceVersionDate "2011.11.24"]
[SourceQuality "1"]

1. d4 Nf6 2. c4 c5 3. d5 e6 4. Nc3 exd5 5. cxd5 d6 6. Nf3 g6 7. Nd2 a6 8. a4 Bg7 9. e4 Nbd7 10. Be2 0-0 11. 0-0 Re8 12. Re1 b6 13. Qc2 Bb7 14. Nc4 Qc7 15. Bf4 Ne5 16. Nxe5 dxe5 17. Be3 Rad8 18. Rac1 Rd6 19. Red1 Red8 20. Na2 a5 21. Nc3 Qe7 22. Bf3 Ba6 23. Be2 Bxe2 24. Qxe2 R6d7 25. f3 Ne8 26. Qb5 Rb8 27. Ne2 Nd6 28. Bxc5 Nxb5 29. Bxe7 Rxe7 30. axb5 Rd7 31. Rc6 Bf8 32. Nc3 Bc5+ 33. Kh1 Bd4 34. Na4 Kf8 35. Rdc1 Rdd8 36. Rf6 Rdc8 37. Rcc6 Rxc6 38. Rxc6 Ke7 39. Nc3 Bc5 40. h4 h5 41. g4 Ke8 42. gxh5 gxh5 43. Rh6 Ke7 44. Rxh5 Bd4 45. Rh6 Rc8 46. Na4 Rc1+ 47. Kg2 Rc2+ 48. Kg3 Bf2+ 49. Kg4 Be3 50. Rc6 Rg2+ 51. Kh3 Rf2 52. Kg3 Rd2 53. Nxb6 Rxb2 54. Nc4 Bf4+ 55. Kg4 Rg2+ 56. Kf5 a4 57. d6+ Kd7 58. Nb6+ 1-0